[Event "TCh-AUT 2nd Bundesliga Ost 2008-9"]
[Site "Austria AUT"]
[Date "2008.10.03"]
[Round "1"]
[White "Schroll,G"]
[Black "Videki,S"]
[Result "1-0"]
[WhiteElo "2430"]
[BlackElo "2428"]

1.c4 c6 2.e4 e5 3.Nf3 d6 4.d4 Bg4 5.dxe5 Bxf3 6.gxf3 dxe5 7.Qxd8+ Kxd8 8.f4 Bd6
9.fxe5 Bxe5 10.f4 Bc7 11.Nc3 Nd7 12.Bh3 Ke7 13.Ke2 Rd8 14.b3 f6 15.Rd1 Nh6
16.Ba3+ Ke8 17.Rd3 g5 18.fxg5 fxg5 19.Rad1 g4 20.Bc1 gxh3 21.Bg5 Rc8 22.Rxd7 Ng8
23.R1d3 h6 24.Bh4 h5 25.Nd1 Bxh2 26.Rxb7 Bc7 27.Rxh3 Nh6 28.Bf6 Rg8 29.Rxh5 Rg2+
30.Kd3 Bf4 31.e5 Ng8 32.Nc3 Rd2+ 33.Ke4 Bh6 34.Kf5 Kf8 35.Ne4 Rd4 36.Nd6 Rf4+
37.Ke6  1-0

[Event "ch-Commonwealth"]
[Site "Nagpur IND"]
[Date "2008.10.03"]
[Round "7"]
[White "Gupta,Ab"]
[Black "Vidit,S"]
[Result "0-1"]
[WhiteElo "2551"]
[BlackElo "2356"]

1.c4 c6 2.d4 d5 3.Nf3 Nf6 4.Nc3 dxc4 5.a4 Bg4 6.Ne5 Bh5 7.f3 e6 8.e4 Bb4
9.Be2 c5 10.Be3 cxd4 11.Qxd4 Qxd4 12.Bxd4 Nbd7 13.Nxc4 Nc5 14.Rd1 Nxa4 15.Kf2 Nxc3
16.bxc3 Be7 17.h4 h6 18.Ne5 O-O 19.g4 Bg6 20.g5 Nh5 21.Be3 Rac8 22.c4 Bd8
23.gxh6 Bc7 24.f4 Nf6 25.h5 Nxe4+ 26.Kf3 Bf5 27.Rdg1 Bxe5 28.fxe5 g5 29.Bd3 g4+
30.Kf4 Rfd8 31.Bf1 Kh7 32.Bxa7 Rg8 33.Bd3 g3 34.Ke3 Nf2 35.Bxf5+ exf5 36.Rh4 Ng4+
37.Kd3 Nxe5+ 38.Ke2 Rce8 39.Be3 Ra8 40.Bd4 Ra2+ 41.Ke3 Ra3+ 42.Kf4 Nf3  0-1

[Event "4NCL 2008-9"]
[Site "Sunningdale ENG"]
[Date "2008.10.04"]
[Round "1"]
[White "Auckland,E"]
[Black "Yurenok,M"]
[Result "1-0"]
[WhiteElo "2017"]
[BlackElo "2048"]

1.c4 c6 2.Nf3 d5 3.e3 Nf6 4.Nc3 a6 5.Qb3 Ra7 6.Be2 Bg4 7.cxd5 cxd5 8.h3 Bxf3
9.Bxf3 e6 10.O-O Nc6 11.d4 Bd6 12.Bd2 O-O 13.Na4 b5 14.Nc5 Nd7 15.a4 Qb6
16.Nxd7 Rxd7 17.axb5 axb5 18.Be2 b4 19.Ra6 Qb7 20.Qa4 Nb8 21.Ra5 Nc6 22.Ra6 Nb8
23.Rxd6 Rxd6 24.Bxb4 Rb6 25.Bxf8 Kxf8 26.Rb1 Rb4 27.Qc2 g6 28.b3 Kg7 29.Bd1 Nd7
30.Rc1 Nf6 31.f3 Ne8 32.Kf2 Nd6 33.Qc7 Qxc7 34.Rxc7 Nb7 35.Ke2 Na5 36.Rc3 h5
37.Kd3 Rb6 38.e4 dxe4+ 39.fxe4 Kf6 40.g4 hxg4 41.hxg4 Rb7 42.g5+ Ke7 43.Kc2 Kd7
44.Bg4 Nc6 45.d5 Nb4+ 46.Kd2 Kd6 47.dxe6 fxe6 48.Ke3 e5 49.Rc8 Nc6 50.Bd1 Ne7
51.Rf8 Kc5 52.Rf6 Rd7 53.Bg4 Rb7 54.Be6 Rc7 55.Bc4 Rc6 56.Bf7 Kb4 57.Rxc6 Nxc6
58.Bxg6 Kxb3 59.Bf7+ Kc3 60.g6 Nd8 61.g7  1-0

[Event "1st WMSG Rapid Ind w"]
[Site "Beijing CHN"]
[Date "2008.10.05"]
[Round "3"]
[White "Vasilevich,I"]
[Black "Le Kieu Thien Kim"]
[Result "1-0"]
[WhiteElo "2354"]
[BlackElo "2291"]

1.c4 c6 2.e4 d5 3.cxd5 cxd5 4.exd5 Nf6 5.Qa4+ Nbd7 6.Nc3 a6 7.Nf3 Rb8 8.d4 b5
9.Qb3 b4 10.Bf4 bxc3 11.Bxb8 cxb2 12.Qxb2 Qa5+ 13.Nd2 Qxd5 14.Be2 e6 15.O-O Be7
16.Bf3 Qf5 17.Rac1 O-O 18.Bg3 a5 19.Nc4 Ba6 20.Rfd1 h5 21.Ne5 Nxe5 22.dxe5 Nh7
23.Qc2 Qg5 24.h4 Qh6 25.Rd7 Ba3 26.Rcd1 g5 27.Be4 g4 28.Rd8 Kg7 29.Rxf8 Nxf8
30.Rd8 Bb4 31.a4 Ng6 32.Ra8 Be7 33.Bxg6  1-0

[Event "TCh-BEL 2008-9"]
[Site "Belgium BEL"]
[Date "2008.10.05"]
[Round "1"]
[White "Hauchard,A"]
[Black "Saltaev,M"]
[Result "1/2-1/2"]
[WhiteElo "2497"]
[BlackElo "2484"]

1.c4 c6 2.Nf3 d5 3.e3 Nf6 4.Nc3 e6 5.b3 Nbd7 6.Bb2 b6 7.d4 Bb7 8.Bd3 Bd6
9.O-O O-O 10.e4 dxe4 11.Nxe4 Nxe4 12.Bxe4 f5 13.Bc2 Rf6 14.c5 Bc7 15.b4 Ba6
16.Re1 Bc4 17.d5 Bxd5 18.Bxf6 Qxf6 19.cxb6 Nxb6 20.Bb3 Rd8 21.Qe2 Be4 22.Bc2 Bd5
23.Rad1 Bd6 24.a3 Nc4 25.Ra1 Nb6 26.Qe3 Nc4 27.Qe2 Nb6 28.Qe3 Nc4 29.Qe2  1/2-1/2

[Event "Belgrade Premier League"]
[Site "Belgrade SRB"]
[Date "2008.10.06"]
[Round "2"]
[White "Spasojevic,Z"]
[Black "Djerfi,K"]
[Result "0-1"]
[WhiteElo "2250"]
[BlackElo "2351"]

1.c4 c6 2.Nf3 Nf6 3.b3 d5 4.Bb2 Bg4 5.e3 e6 6.Be2 Bd6 7.d3 O-O 8.Nbd2 Nbd7
9.O-O Qe7 10.d4 Rfd8 11.h3 Bf5 12.Nh4 Be4 13.c5 Bc7 14.f4 h6 15.Nhf3 Bh7
16.b4 b6 17.Ne5 Bxe5 18.fxe5 Ne4 19.Ba6 Rab8 20.Nxe4 Bxe4 21.Bc3 f6 22.b5 fxe5
23.bxc6 exd4 24.exd4 Nf6 25.Bd2 bxc5 26.Bf4 Rb2 27.Rf2 Rxf2 28.Kxf2 Rf8 29.Kg1 Ne8
30.Qg4 Qf6 31.Be5 Qf2+ 32.Kh2 Rf5 33.h4 Rh5  0-1

[Event "1st WMSG Rapid Ind"]
[Site "Beijing CHN"]
[Date "2008.10.07"]
[Round "9"]
[White "Gurevich,M1"]
[Black "Zhou Jianchao"]
[Result "1/2-1/2"]
[WhiteElo "2634"]
[BlackElo "2612"]

1.c4 c6 2.Nf3 d5 3.d4 Nf6 4.Qb3 dxc4 5.Qxc4 Bf5 6.g3 Nbd7 7.Bg2 e6 8.O-O Be7
9.Nc3 O-O 10.Re1 Bg6 11.e4 b5 12.Qxc6 b4 13.e5 Rc8 14.Qa6 bxc3 15.exf6 Nxf6
16.bxc3 Rxc3 17.Qxa7 Be4 18.Re3 Rc2 19.Ba3 Bxa3 20.Qxa3 Bxf3 21.Bxf3 Qxd4
22.Rd1 Qc4 23.Qb3 Qxb3 24.axb3 Rb8  1/2-1/2

[Event "Belgrade Premier League"]
[Site "Belgrade SRB"]
[Date "2008.10.07"]
[Round "3"]
[White "Jovicic,Milo"]
[Black "Grbic,M"]
[Result "1/2-1/2"]
[WhiteElo "2346"]
[BlackElo "2304"]

1.c4 c6 2.e4 d5 3.exd5 cxd5 4.cxd5 Nf6 5.Nc3 g6 6.Qb3 Bg7 7.Be2 Nbd7 8.d4 Nb6
9.Bf3 Bg4 10.Bxg4 Nxg4 11.Nge2 Qd7 12.O-O O-O 13.Bf4 Nf6 14.d6 exd6 15.Nb5 Rfe8
16.Nec3 Nc8 17.a4 Nh5 18.Be3 Ne7 19.Nd5 Nxd5 20.Qxd5 a6 21.Qxd6 Rad8 22.Qxd7  1/2-1/2

[Event "1st WMSG Blitz Pair"]
[Site "Beijing CHN"]
[Date "2008.10.08"]
[Round "1"]
[White "Ghaem Maghami,E"]
[Black "Ni Hua"]
[Result "1/2-1/2"]
[WhiteElo "2599"]
[BlackElo "2710"]

1.c4 c6 2.e4 d5 3.exd5 cxd5 4.d4 Nf6 5.Nc3 Nc6 6.Bg5 dxc4 7.d5 Ne5 8.Bxc4 Nxc4
9.Qa4+ Bd7 10.Qxc4 e6 11.Nf3 exd5 12.Qe2+ Be6 13.O-O Be7 14.Nd4 Qd7 15.Rfe1 h6
16.Nxe6 fxe6 17.Bxf6 Bxf6 18.Qxe6+ Qxe6 19.Rxe6+ Kf7 20.Rd6 Rhd8 21.Rxd8 Rxd8
22.Rd1 Ke6 23.Kf1 Bxc3 24.bxc3 Rc8 25.Rd3 Rc4 26.Ke2 Re4+ 27.Kd2 Ra4 28.Re3+ Kd6
29.Rg3 g5 30.Rh3 Rxa2+ 31.Ke3 a5 32.Rxh6+ Kc5 33.h4 gxh4 34.Rxh4 a4 35.Rh8 Rc2
36.Rc8+ Kd6 37.g4 a3 38.Kd3 Rxf2 39.Ra8 a2 40.g5 Ke5 41.Ra5 b6 42.Ra6 Kf5
43.g6 Kxg6 44.Rxb6+ Kf5 45.Ra6 Ke5 46.Ra5 Kd6 47.Kd4 Rd2+ 48.Ke3 Rc2 49.Kd4 Kc6
50.Ra6+ Kb5 51.Ra8 Rd2+ 52.Ke3 Rh2 53.Kd3 Rg2 54.Ra7 Kb6 55.Ra8 Kc5 56.Ra6 Rh2
57.Ra8 Kd6 58.Ra5 Rg2 59.Ke3 Rh2 60.Kd3 Kc6 61.Ra8 Kb7 62.Ra5 Kb6 63.Ra8 Kb5
64.Ra7 Rg2 65.Ra8 Kc5 66.Ra6 Kb5 67.Ra8 Rh2 68.Ra7 Kb6 69.Ra8 Kc6 70.Ra5 Kd6
71.Ra8 Ke5 72.Ra4 Kd6 73.Ra8  1/2-1/2

[Event "1st WMSG Blitz Pair"]
[Site "Beijing CHN"]
[Date "2008.10.08"]
[Round "1"]
[White "Gurevich,M1"]
[Black "Rasmussen,Kar"]
[Result "1-0"]
[WhiteElo "2634"]
[BlackElo "2466"]

1.c4 c6 2.Nf3 d5 3.d4 Nf6 4.Qb3 dxc4 5.Qxc4 Bg4 6.Nbd2 e6 7.Ne5 Bh5 8.e4 Nbd7
9.Nxd7 Qxd7 10.f3 Rd8 11.Nb3 e5 12.Be3 exd4 13.Bxd4 Be7 14.Be2 O-O 15.Rd1 Qc7
16.Qc3 Rfe8 17.a3 b6 18.Be5 Qb7 19.Nd4 Nd7 20.Bxg7 Bg6 21.O-O Bc5 22.b4 Be7
23.Bc4 c5 24.Nf5 Bxf5 25.exf5 Bg5 26.f4 Bh4 27.f6 Qc6 28.b5 Qc7 29.Bxf7+ Kxf7
30.Qc4+ Kg6 31.f5+ Kh5 32.Qf7+ Kg5 33.Bh6+ Kxh6 34.Qg7+ Kh5 35.g4+  1-0

[Event "1st WMSG Rapid Pair"]
[Site "Beijing CHN"]
[Date "2008.10.09"]
[Round "1"]
[White "Reinderman,D"]
[Black "Nyback,T"]
[Result "1-0"]
[WhiteElo "2543"]
[BlackElo "2634"]

1.c4 c6 2.e4 d5 3.exd5 cxd5 4.d4 Nf6 5.Nc3 Nc6 6.Nf3 e6 7.c5 Ne4 8.Qc2 Qa5
9.Bd2 Nxd2 10.Qxd2 b6 11.Bb5 Bd7 12.Bxc6 Bxc6 13.Ne5 Bb7 14.b4 Qxb4 15.Rb1 Qa5
16.Nb5 Qxd2+ 17.Kxd2 Ke7 18.Rhc1 f6 19.cxb6 fxe5 20.Rc7+ Kf6 21.dxe5+ Kxe5
22.Rxb7 axb6 23.Rf7 Rxa2+ 24.Kd3 d4 25.f4+ Kd5 26.Rd7+ Kc6 27.Rc7+ Kd5 28.Rc8 Ra4
29.Re1 Bd6 30.Rxh8 Bxf4 31.Rd8+ Kc5 32.Nxd4  1-0

[Event "1st WMSG Rapid Pair"]
[Site "Beijing CHN"]
[Date "2008.10.09"]
[Round "2"]
[White "Matamoros Franco,C"]
[Black "Sarakauskas,G"]
[Result "1-0"]
[WhiteElo "2525"]
[BlackElo "2429"]

1.c4 c6 2.e4 d5 3.exd5 cxd5 4.cxd5 Nf6 5.Nc3 Nxd5 6.Nf3 Nc6 7.Bb5 e6 8.O-O Be7
9.d4 O-O 10.Re1 a6 11.Bxc6 bxc6 12.Na4 Nb6 13.Ne5 Nxa4 14.Nxc6 Qd7 15.Nxe7+ Qxe7
16.Qxa4 Bb7 17.Be3 Qh4 18.Qb4 Rab8 19.Qd6 Rfd8 20.Qg3 Qxg3 21.hxg3 Bd5 22.b3 Rdc8
23.Rec1 Rc6 24.Rxc6 Bxc6 25.Rc1 Rc8 26.Rc5 f6 27.g4 Kf7 28.g5 fxg5 29.Bxg5 Ke8
30.Bf4 Kd7 31.Rh5 Be4 32.Ra5 Bb7 33.Be5 Rc1+ 34.Kh2 Rc2 35.Kg3 g6 36.b4 Rc3+
37.f3 Rc2 38.a4 h5 39.b5 axb5 40.Rxb5 Bc6 41.Ra5 g5 42.Ra7+ Ke8 43.a5 g4
44.Rc7 gxf3 45.gxf3 Ba4 46.Rh7 Bc6 47.Rxh5 Ra2 48.Rh8+ Kf7 49.Rh7+ Kg8 50.Rg7+ Kf8
51.Ra7 Ke8 52.Bd6 Rd2 53.Re7+ Kd8 54.Rxe6 Kd7 55.Rf6 Rxd4 56.Be5 Ra4 57.Rd6+ Kc7
58.Rd3+ Kc8 59.Bc3 Bb5 60.Re3 Ra2 61.Re5 Bd3 62.Rd5 Bh7 63.Bd2 Ra3 64.Kg4 Rd3
65.Rc5+ Kb7 66.Rg5 Ka6 67.Rg7 Rd4+ 68.f4 Be4 69.Re7 Bd3 70.Re6+ Kb7 71.Be3 Re4
72.Rb6+ Kc7 73.Bc5 Ra4 74.Bb4 Ra1 75.Kg5 Rg1+ 76.Kh4 Kc8 77.a6 Ra1 78.Rc6+ Kb8
79.Bd6+ Ka7 80.Bc5+ Kb8 81.a7+ Kb7 82.Rb6+ Kc7 83.Rb8 Be4 84.Kg5 Kd7 85.f5 Ra5
86.Kf4 Bd5 87.Bb6 Ra1 88.Ke5 Bc6 89.Rd8+ Ke7 90.f6+ Kf7 91.Rc8 Re1+ 92.Kd6 Bf3
93.Bd4 Rd1 94.Ke5 Re1+ 95.Kf4 Bg2 96.a8=Q Bxa8 97.Rxa8 Rf1+ 98.Ke4 Re1+  1-0

[Event "Belgrade Premier League"]
[Site "Belgrade SRB"]
[Date "2008.10.12"]
[Round "8"]
[White "Kosanovic,D"]
[Black "Rajcevic,S"]
[Result "1/2-1/2"]
[WhiteElo "2309"]
[BlackElo "2176"]

1.c4 c6 2.e4 d5 3.exd5 Nf6 4.d4 cxd5 5.Nc3 Nc6 6.Nf3 Bg4 7.cxd5 Nxd5 8.Qb3 Bxf3
9.gxf3 Nb6 10.d5 Nd4 11.Qd1 e5 12.dxe6 fxe6 13.Be3 Nf5 14.Qb3 Kf7 15.Bh3 g6
16.Ne4 Be7 17.Rd1 Qc7 18.O-O Rad8 19.Rc1 Qe5 20.Rfe1 Qd5 21.Ng5+ Bxg5 22.Bxg5 Qxb3
23.axb3 Rd7 24.Bf1 Nd5 25.Bb5 Rd6 26.Bc4 Rd7  1/2-1/2

[Event "1st WMSG Blitz Team w"]
[Site "Beijing CHN"]
[Date "2008.10.13"]
[Round "1"]
[White "Caoili,A"]
[Black "Hoang Thi Bao Tram"]
[Result "1-0"]
[WhiteElo "2170"]
[BlackElo "2250"]

1.c4 c6 2.Nc3 d5 3.d4 Nf6 4.Nf3 g6 5.e3 Bg7 6.Be2 O-O 7.O-O Bg4 8.h3 Bxf3
9.Bxf3 e6 10.Qb3 Qb6 11.Rd1 Nbd7 12.e4 dxe4 13.Nxe4 Nxe4 14.Bxe4 Qc7 15.g3 Rad8
16.Bg5 Rde8 17.Bg2 h6 18.Be3 Kh7 19.Rac1 Qb8 20.d5 cxd5 21.cxd5 e5 22.d6 e4
23.Rc7 Nb6 24.Rxf7 Qd8 25.Rxb7 Nd7 26.Qa4 Ne5 27.Qxa7 Rg8 28.Bxe4 Qf6 29.Bd5 Rgf8
30.Bd4 Rg8 31.Bxg8+ Rxg8 32.f4 Nf3+ 33.Kg2 Nxd4  1-0

[Event "1st WMSG Blitz Team w"]
[Site "Beijing CHN"]
[Date "2008.10.13"]
[Round "1"]
[White "Machalova,M"]
[Black "Skytte,T"]
[Result "1-0"]
[WhiteElo "2187"]
[BlackElo "1957"]

1.c4 c6 2.Nc3 d5 3.cxd5 cxd5 4.d4 Nf6 5.Nf3 Nc6 6.Bf4 Bg4 7.e3 e6 8.Be2 Be7
9.O-O O-O 10.h3 Bh5 11.Rc1 Qb6 12.Na4 Qa5 13.a3 Ne4 14.b4 Qd8 15.Nc5 Bxc5
16.bxc5 Qa5 17.g4 Bg6 18.Qb3 Nd8 19.Rfd1 h5 20.Ne5 hxg4 21.hxg4 Bh7 22.Bd3 g5
23.Bh2 Nf6 24.Bxh7+ Kxh7 25.Kg2 Ne4 26.c6 bxc6 27.Nxc6 Nxc6 28.Rxc6 Kg6 29.Bc7 Nd2
30.Qc2+  1-0

[Event "1st WMSG Blitz Team"]
[Site "Beijing CHN"]
[Date "2008.10.13"]
[Round "4"]
[White "Perelshteyn,E"]
[Black "Liiva,R"]
[Result "0-1"]
[WhiteElo "2536"]
[BlackElo "2460"]

1.c4 c6 2.d4 d5 3.Nc3 e6 4.e3 f5 5.Qc2 Nf6 6.Bd3 Be7 7.Nge2 Na6 8.a3 Nc7
9.b3 b6 10.Bb2 Bb7 11.f3 c5 12.Nf4 cxd4 13.exd4 Bd6 14.Nfe2 O-O 15.Na4 dxc4
16.bxc4 Rc8 17.Qb3 Bc6 18.Nac3 Kh8 19.O-O Qd7 20.Rad1 Rfd8 21.Bc1 Qf7 22.Bf4 Bxf4
23.Nxf4 Rxd4 24.Nce2 Rdd8 25.Qb2 Na6 26.Qe5 Nc5 27.Bb1 Ba4 28.Rxd8+ Rxd8
29.Nd4 Re8 30.Re1 Ncd7 31.Qd6 e5 32.Nxf5 exf4 33.Ne7 Qxc4 34.Kh1 Bb3 35.Bf5 Qc5
36.Qxc5 Nxc5 37.Re5 g6 38.Bh3 Kg7 39.Kg1 Kf7 40.Nc6 Rxe5 41.Nxe5+ Ke8 42.Kf2 a5
43.Ke2 Bd5 44.Kd2 b5 45.Kc3 Ke7 46.Kd4 Ne6+ 47.Kc3 Kd6 48.Nf7+ Kc5 49.Ne5 b4+
50.axb4+ axb4+ 51.Kb2 Kd4 52.Nf7 Ke3 53.Nd6 Nd4 54.Bc8 Kf2 55.Bh3 g5 56.Kc1 h5
57.Bc8 Kxg2 58.Kd2 Nxf3+ 59.Kd3 b3 60.Kc3 Ne5 61.Nf5 Be4 62.Nd4 f3 63.Ba6 f2
64.Be2 f1=Q 65.Bxf1+ Kxf1 66.Kb2 Kg2  0-1

[Event "1st WMSG Blitz Team w"]
[Site "Beijing CHN"]
[Date "2008.10.13"]
[Round "4"]
[White "Cunanan,K"]
[Black "Beinoraite,V"]
[Result "1-0"]
[WhiteElo "2000"]
[BlackElo "2051"]

1.c4 c6 2.b3 d5 3.Bb2 Nf6 4.Nf3 Bf5 5.e3 Nbd7 6.Be2 e6 7.O-O Bd6 8.d3 O-O
9.Nbd2 Qe7 10.a3 e5 11.b4 h6 12.Re1 e4 13.dxe4 dxe4 14.Nd4 Qe5 15.Nf1 Bh7
16.Bc3 Qe7 17.Qd2 Rad8 18.Qb2 Bb8 19.Rad1 Ne5 20.Ng3 Nfg4 21.h3 Nf6 22.Ndf5 Qe6
23.Nd4 Qe7 24.c5 Nd5 25.Ndf5 Qg5 26.Bxe5 Bxf5 27.Bxb8 Rxb8 28.Qe5 g6 29.Nxe4 Bxe4
30.Qxe4 Nc3 31.Qg4 Qxg4 32.Bxg4 Nxd1 33.Rxd1 Rbd8 34.Kf1 h5 35.Bf3 Kg7 36.Rxd8 Rxd8
37.Ke2 Kf6 38.a4 Ke5 39.b5 Rc8 40.bxc6 bxc6 41.Kd3 h4 42.Kc4 g5 43.a5 Ke6
44.Bg4+ f5 45.Bf3 Rc7 46.e4 Ke5 47.exf5 Kxf5 48.Kd4 Rd7+ 49.Kc4 Rc7 50.Kd4 Kf4
51.Kc4 Ke5 52.a6 Rc8 53.Kc3 Ke6 54.Kd4 Rd8+ 55.Kc4 Rc8 56.Bg4+ Ke5 57.Bxc8  1-0

[Event "1st WMSG Blitz Team w"]
[Site "Beijing CHN"]
[Date "2008.10.13"]
[Round "10"]
[White "Cunanan,K"]
[Black "Gunina,V"]
[Result "0-1"]
[WhiteElo "2000"]
[BlackElo "2381"]

1.c4 c6 2.b3 d5 3.Bb2 Nf6 4.Nf3 Bf5 5.e3 e6 6.Be2 Nbd7 7.O-O Bd6 8.d3 O-O
9.Nbd2 a5 10.a3 h6 11.Re1 Nc5 12.Nf1 a4 13.b4 Nb3 14.Ra2 dxc4 15.dxc4 Be7
16.Qxd8 Rfxd8 17.Ng3 Bh7 18.Nd4 c5 19.Nxb3 axb3 20.Raa1 cxb4 21.a4 Rd2 22.Bd4 b2
23.Rab1 Bxb1 24.Rxb1 Rxa4 25.Bxb2 Ra2 26.Bxf6 Bxf6 27.Bf3 Ra1 28.Rxa1 Bxa1
29.Bxb7 Rd1+ 30.Nf1 b3 31.Be4 f5  0-1

[Event "1st WMSG Blitz Team"]
[Site "Beijing CHN"]
[Date "2008.10.13"]
[Round "11"]
[White "Miezis,N"]
[Black "Rasmussen,A"]
[Result "1-0"]
[WhiteElo "2552"]
[BlackElo "2513"]

1.c4 c6 2.e4 d5 3.exd5 cxd5 4.cxd5 Nf6 5.Bb5+ Nbd7 6.Nc3 a6 7.Qa4 Rb8 8.Bxd7+ Qxd7
9.Qb3 b5 10.Nf3 Bb7 11.Ne5 Qd6 12.d4 Bxd5 13.Nxd5 Qxd5 14.O-O e6 15.Bg5 Ne4
16.Bf4 Rd8 17.Qxd5 exd5 18.f3 g5 19.Be3 f6 20.fxe4 fxe5 21.exd5 Rxd5 22.Rf5 Be7
23.dxe5 Rf8 24.Raf1 Rxf5 25.Rxf5 h6 26.Kf2 Kd7 27.Kf3 Ke6 28.Ke4 Rd1 29.Rf2 Re1
30.Rc2 Kd7 31.Kf3 Rd1 32.h3 a5 33.Rd2+ Rxd2 34.Bxd2 a4 35.Kg4 Ke6 36.Kh5 Kxe5
37.Kxh6 Kd4 38.Bxg5 Bf8+ 39.Kg6 Kd3 40.h4 Kc2 41.Bf6 b4 42.h5 a3 43.bxa3 bxa3
44.h6  1-0

[Event "XV PRO AM Open"]
[Site "Villa Martelli ARG"]
[Date "2008.10.14"]
[Round "5"]
[White "Quiroga,F"]
[Black "Bulcourf,C"]
[Result "1-0"]
[WhiteElo "2335"]
[BlackElo "2156"]

1.c4 c6 2.d4 b5 3.cxb5 cxb5 4.Nf3 Nf6 5.Nbd2 e6 6.g3 Bb7 7.Bg2 Be7 8.O-O O-O
9.Re1 Ne4 10.Ng5 Bxg5 11.Nxe4 Bxe4 12.Bxe4 d5 13.Bd3 Bf6 14.Be3 Nc6 15.Bxb5 Qb6
16.Bxc6 Qxc6 17.Qd3 Rfc8 18.Bd2 Qc4 19.Qxc4 Rxc4 20.e3 e5 21.Bc3 exd4 22.exd4 Bxd4
23.Bxd4 Rxd4 24.Rad1 Rxd1 25.Rxd1 Rd8 26.Rd4 Kf8 27.Ra4 Rd7 28.Kf1 Ke7 29.Ra6 Kd8
30.Ke2 Kc8 31.Kd3 Kb7 32.Ra5 Kc6 33.Kd4 Re7 34.Rc5+ Kb6 35.Rc2 Rd7 36.b3 a6
37.a3 Rd6 38.h4 h5 39.b4 Rf6 40.f4 Re6 41.Rc3 Rd6 42.a4 Rd8 43.Rc5 Rb8 44.Rxd5 Kc6
45.Rc5+ Kd6 46.Kc4 Re8 47.Rd5+ Kc6 48.Re5 Rh8 49.a5 Kd6 50.b5 Rc8+ 51.Kb4 axb5
52.Rxb5 Rc1 53.Rxh5 Kc6 54.Rg5 Rb1+ 55.Kc4 g6 56.f5 Rc1+ 57.Kd3 gxf5 58.Rxf5 Rd1+
59.Ke2 Rd7 60.h5 Re7+ 61.Kf3 Kd7 62.a6 Ke6 63.Ra5 Ra7 64.Kf4 f6 65.g4 Kf7
66.Kf5 Kg7 67.Ra1 Kf7 68.h6 Kg8 69.Kxf6 Kh7 70.g5 Kg8 71.Kg6 Kh8  1-0

[Event "1st WMSG Rapid Team w"]
[Site "Beijing CHN"]
[Date "2008.10.15"]
[Round "6"]
[White "Hoang Thi Nhu Y"]
[Black "Bayrak,A"]
[Result "1-0"]
[WhiteElo "2127"]
[BlackElo "2005"]

1.c4 c6 2.Nf3 Nf6 3.e3 d5 4.b3 Bf5 5.Bb2 e6 6.Nc3 Nbd7 7.Be2 Bd6 8.d4 O-O
9.O-O Qe7 10.Nh4 Bg6 11.f4 c5 12.g3 Rac8 13.Rc1 Be4 14.Nf3 Rfd8 15.Nxe4 Nxe4
16.Qd3 f5 17.cxd5 exd5 18.dxc5 Bxc5 19.Qxd5+ Kh8 20.Bd4 Bxd4 21.Nxd4 Nc3
22.Qf3 g6 23.Bc4 Ne4 24.Qe2 Ndf6 25.Kg2 a6 26.a4 Re8 27.Nf3 Rcd8 28.Rc2 Nd5
29.Ne5 Nb4 30.Rb2 Nc3 31.Qe1 b5 32.Nf7+ Kg8 33.Nxd8+ bxc4 34.Qxc3 Qe4+ 35.Kh3 Nd3
36.Re2 Rxd8 37.Qxc4+ Qxc4 38.bxc4 Nc5 39.a5 Nb3 40.Rc2 Rd3 41.c5 Rxe3 42.c6 Re8
43.c7 Rc8 44.Rb1  1-0

[Event "28th OIS"]
[Site "Munich GER"]
[Date "2008.10.15"]
[Round "5"]
[White "Fedorovsky,M"]
[Black "Krulich,R"]
[Result "1-0"]
[WhiteElo "2414"]
[BlackElo "2239"]

1.c4 c6 2.d4 d5 3.Nf3 Nf6 4.Nc3 a6 5.h3 b5 6.c5 g6 7.Bf4 Bg7 8.e3 O-O 9.Bd3 Nfd7
10.O-O e5 11.Nxe5 Nxe5 12.Bxe5 Bxe5 13.dxe5 Nd7 14.Ne2 Nxc5 15.Rc1 Qe7 16.Qc2 Nxd3
17.Qxd3 Bd7 18.Qd4 Rac8 19.Rc5 Rfe8 20.Rfc1 Qxe5 21.Qxe5 Rxe5 22.Nd4 Re4
23.R1c3 Kf8 24.Ra3 Ra8 25.Nxc6 Bxc6 26.Rxc6 Rc4 27.Raxa6 Rxa6 28.Rxa6 Rc1+
29.Kh2 Rc2 30.b4 Rxf2 31.Ra5 Ke7 32.Kg3 Rb2 33.Rxb5 Rxa2 34.Rxd5 Rb2 35.Rb5 Ke6
36.Rb7 h6 37.b5 f5 38.b6 Kf6 39.Kf3 Kg5 40.Rb8 Rb3 41.g3 Rb2 42.b7 Rb1 43.g4 fxg4+
44.hxg4 Rb3 45.Kf2 Kxg4 46.e4 h5 47.e5 h4 48.e6 Rb2+ 49.Ke3 Rb6 50.Kd4 Rxe6
51.Rg8 Rb6 52.Rxg6+ Rxg6 53.b8=Q h3 54.Qh2 Re6 55.Qg1+ Kf3 56.Qd1+ Kg3 57.Qb3+ Kg2
58.Qxe6 h2 59.Qg4+ Kf1 60.Qh3+ Kg1 61.Qg3+ Kh1 62.Qf3+ Kg1 63.Ke3 h1=Q 64.Qf2+  1-0

[Event "1st WMSG Rapid Team w"]
[Site "Beijing CHN"]
[Date "2008.10.16"]
[Round "9"]
[White "Rogule,L"]
[Black "Skytte,T"]
[Result "1-0"]
[WhiteElo "2260"]
[BlackElo "1957"]

1.c4 c6 2.Nc3 d5 3.d4 Nf6 4.Nf3 a6 5.e3 b5 6.b3 Bg4 7.Be2 Nbd7 8.Ne5 Bxe2
9.Qxe2 Qc7 10.f4 g6 11.O-O Bg7 12.Ba3 Rb8 13.cxb5 cxb5 14.Rac1 Qb7 15.Bb4 Nb6
16.Nd1 Rc8 17.Rxc8+ Nxc8 18.Qc2 O-O 19.Nc6 Re8 20.Nf2 Nd6 21.Rc1 Kh8 22.Ne5 Kg8
23.Nfd3 Nfe4 24.Nc6 Nf5 25.Na5 Qd7 26.Bd2 h5 27.Nc5 Nxc5 28.Qxc5 Qd8 29.Nc6 Qd7
30.Na5 e6 31.Qc7 Qd8 32.Qc6 Qa8 33.Qd7 Rd8 34.Qc7 Bf8 35.Rc6 Bd6 36.Qb6 Rc8
37.Rxd6 Nxd6 38.Qxd6 Rc2 39.Bb4 Qc8 40.Bc5 Rxa2 41.Nc6 Ra1+ 42.Kf2 Ra2+ 43.Kf3 Kh7
44.Qe7 Qxc6 45.Qxf7+ Kh8 46.Bf8 Rf2+ 47.Kxf2 Qc2+ 48.Kg3 h4+ 49.Kxh4 Qf2+
50.Kh3 Qxe3+ 51.g3 Qxd4 52.Be7 Qg7 53.Bf6 Qxf6 54.Qxf6+ Kg8 55.Qxe6+ Kg7
56.Qxd5  1-0

[Event "South Bohemia Open"]
[Site "Cesky Krumlov CZE"]
[Date "2008.10.16"]
[Round "7"]
[White "Vokac,M"]
[Black "Dolezal,Ra1"]
[Result "1-0"]
[WhiteElo "2451"]
[BlackElo "2432"]

1.c4 c6 2.b3 d5 3.Bb2 Bf5 4.Nf3 Nf6 5.g3 e6 6.Bg2 Nbd7 7.O-O Be7 8.d3 h6
9.Nbd2 O-O 10.Rc1 Bh7 11.Rc2 a5 12.a3 Re8 13.Qa1 Bd6 14.Ne5 Nxe5 15.Bxe5 Bxe5
16.Qxe5 Nd7 17.Qb2 Qf6 18.Qxf6 Nxf6 19.Rfc1 g5 20.Rb2 Re7 21.b4 axb4 22.axb4 Ne8
23.b5 Kf8 24.Bf3 Bg6 25.bxc6 bxc6 26.Rb6 Rc7 27.Nb3 Ke7 28.h4 gxh4 29.gxh4 h5
30.Kg2 Raa7 31.cxd5 cxd5 32.Rxc7+ Rxc7 33.Rb4 Nd6 34.Nd2 Nf5 35.Nf1 Kf8 36.Ng3 Nxg3
37.Kxg3 Kg7 38.Kf4 f6 39.Rb6 Rd7 40.d4 Rd8 41.e3 Rd7 42.Rc6 Rd8 43.Rb6 Rd7
44.Rc6 Rd8 45.Rb6  1-0

[Event "92nd ch-Marshall CC"]
[Site "New York USA"]
[Date "2008.10.18"]
[Round "3"]
[White "Kacheishvili,G"]
[Black "Lenderman,A"]
[Result "1-0"]
[WhiteElo "2572"]
[BlackElo "2443"]

1.c4 c6 2.e4 d5 3.exd5 cxd5 4.d4 Nf6 5.Nc3 Nc6 6.Nf3 Bg4 7.cxd5 Nxd5 8.Qb3 Bxf3
9.gxf3 e6 10.Qxb7 Nxd4 11.Bb5+ Nxb5 12.Qc6+ Ke7 13.Qxb5 Qd7 14.Nxd5+ Qxd5
15.Bg5+ f6 16.Qxd5 exd5 17.Be3 Kf7 18.O-O-O Rd8 19.Kb1 Rd7 20.Rd3 Be7 21.Rc1 Rb8
22.Rc6 Rb5 23.Ra6 Bc5 24.a4 Rb6 25.Rxa7 Rxb2+ 26.Kxb2 Bxa7 27.Bxa7 Rxa7 28.Ra3 Ke6
29.a5 d4 30.a6 Kd5 31.Kc2 Kc4 32.h4 g6 33.Ra1 g5 34.h5 d3+ 35.Kd2 h6 36.f4 gxf4
37.f3 f5 38.Ra5 Ra8 39.a7 Kd4 40.Ra6 Kc4 41.Rc6+ Kd5 42.Rc7 Kd4 43.Rg7 Kc4
44.Rb7 Kd4 45.Rb4+ Ke5 46.Rb5+ Kf6 47.Rb7 Kg5 48.Kxd3 Kxh5 49.Rg7 Rd8+ 50.Kc4 Kh4
51.Kc5 h5 52.Kc6 Kh3 53.Kb7 h4 54.a8=Q Rxa8 55.Kxa8 Kh2 56.Kb7 h3 57.Rg5 Kh1
58.Rxf5 Kg2 59.Rxf4 Kg3 60.Rf8  1-0

[Event "24th ECC"]
[Site "Kallithea GRE"]
[Date "2008.10.19"]
[Round "3"]
[White "Gretarsson,Hj"]
[Black "Andonovski,L"]
[Result "1-0"]
[WhiteElo "2284"]
[BlackElo "2292"]

1.c4 c6 2.d4 d5 3.Nf3 Nf6 4.e3 Bg4 5.h3 Bxf3 6.Qxf3 e6 7.Bd3 Nbd7 8.Nc3 Bb4
9.O-O O-O 10.Bd2 Nb6 11.c5 Nbd7 12.a3 Ba5 13.Qg3 Bxc3 14.Bxc3 Ne4 15.Bxe4 dxe4
16.d5 e5 17.dxc6 bxc6 18.Rfd1 Qe7 19.b4 f5 20.Rd6 Rf6 21.Rad1 Rxd6 22.Rxd6 Rc8
23.f3 Qf7 24.fxe4 Nf6 25.Qxe5 Nxe4 26.Rd1 Re8 27.Qd4 Nxc3 28.Qxc3 Qe6 29.Rd3 h5
30.Kh1 h4 31.Qd4 Qe4 32.Kg1 a5 33.bxa5 Ra8 34.Qc3 Qe7 35.Qc4+ Kh7 36.a6 Rb8
37.Qf4 Rb1+ 38.Kh2 Qxc5 39.Qxh4+ Kg6 40.Qg3+ Kh7 41.Rd7  1-0

[Event "24th ECC"]
[Site "Kallithea GRE"]
[Date "2008.10.19"]
[Round "3"]
[White "Taylor,Pe"]
[Black "Herndlbauer,M"]
[Result "1/2-1/2"]
[WhiteElo "2254"]
[BlackElo "2122"]

1.c4 c6 2.e4 d5 3.cxd5 cxd5 4.exd5 Nf6 5.Nc3 Nxd5 6.Nf3 Nxc3 7.bxc3 g6 8.d4 Bg7
9.Bd3 O-O 10.O-O Nc6 11.Re1 b6 12.Ba3 Re8 13.Bb5 Bd7 14.Rc1 a6 15.Bd3 b5
16.d5 Na5 17.Ne5 Rc8 18.Bb4 Bxe5 19.Rxe5 Nc4 20.Bxc4 Rxc4 21.Qe2 e6 22.Rd1 Qc7
23.Re3 Bc8 24.dxe6 Bxe6 25.Bd6 Qb6 26.Be5 Bg4 27.Bd4 Rxe3 28.Qxe3 Qe6 29.Qxe6 Bxe6
30.Bf6 Rc8 31.a3 h6 32.f4 g5 33.fxg5 hxg5 34.Rd8+ Rxd8 35.Bxd8 g4 36.Kf2 Kh7
37.Ke3 Kg6 38.Kd4 Kf5 39.Bc7 Bb3 40.Kc5 Ke4 41.Kb6 f5 42.g3 Kd3  1/2-1/2

[Event "92nd ch-Marshall CC"]
[Site "New York USA"]
[Date "2008.10.19"]
[Round "5"]
[White "Sobo,H"]
[Black "Korley,K"]
[Result "0-1"]
[WhiteElo "2101"]
[BlackElo "2082"]

1.c4 c6 2.g3 d5 3.Bg2 Nf6 4.Nf3 e6 5.Qc2 Bd6 6.d3 O-O 7.e4 e5 8.O-O d4 9.c5 Bc7
10.Nbd2 a5 11.Nc4 Nfd7 12.b3 Na6 13.Ba3 Re8 14.Nb2 Nf8 15.Nd2 Ng6 16.Na4 Be6
17.Nc4 Bxc4 18.Qxc4 Qg5 19.Bc1 Qh5 20.Bd2 Rad8 21.Rae1 Re6 22.Qc1 h6 23.f3 Nf8
24.f4 exf4 25.gxf4 Rg6 26.Qd1 Qh4 27.Qf3 Nd7 28.Rc1 Qe7 29.f5 Rf6 30.Bf4 Bxf4
31.Qxf4 Qe5 32.Qxe5 Nxe5 33.Nb2 Nb4 34.Rcd1 Nxa2 35.Ra1 Nb4 36.Rxa5 Nbxd3
37.Nxd3 Nxd3 38.Ra7 Rd7 39.Ra8+ Kh7 40.Re8 g6 41.Bh3 Kg7 42.e5 Rxf5 43.Bxf5 gxf5
44.Rxf5 Nxc5 45.Rf2 d3 46.Rg2+ Kh7 47.b4 Ne4 48.Reg8 Ng5 49.R8xg5 hxg5 50.Rd2 b6
51.Kf2 c5 52.b5 c4 53.Ke3 Kg6 54.Ke4 g4 55.Ke3 Kf5 56.Rf2+ Kxe5 57.Kd2 f5
58.Kc3 d2 59.Re2+ Kf4  0-1